| 000 | 00751nam a22002057a 4500 | ||
|---|---|---|---|
| 005 | 20240530110540.0 | ||
| 008 | 160507s2013 ua a g 000 0 ara d | ||
| 017 |
_a2013/5942 _bمصر . دار الكتب المصرية |
||
| 020 | _a9789774482632 | ||
| 040 | _aEG-CaGPL | ||
| 082 | 0 | 4 |
_221 _a539.7\ _bم ط |
| 100 | 0 | _aمرسى الطحاوى . | |
| 245 | 1 | 2 |
_aالطاقة النووية السلمية فى مصر و البلاد العربية / _cمرسى الطحاوى . |
| 250 | _aط1. | ||
| 260 |
_aالقاهرة : _bالهيئة المصرية العامة للكتاب ، _c2013 . |
||
| 300 |
_a194 ص ؛ _c24 سم . |
||
| 650 | 0 | 4 | _aالطاقة النووية . |
| 942 |
_2ddc _cBK |
||
| 999 |
_c62234 _d62234 |
||